Les disciplines des Jeux sud-asiatiques depuis 1984 - Statistiques

Statistiques générales
  • Ce quiz a été pris 4 fois
  • Le résultat moyen est 11 sur 19
Statistiques - réponses
Domaine Initiale Sports % Correct
Sports de raquette B Badminton
100%
Sports de combat B Boxe
100%
Sports d'équipe F Football
100%
Sports de combat J Judo
100%
Sports de combat K Karaté
100%
Sports de combat L Lutte
100%
Sports d'eau N Natation
100%
Autres sports A Athlétisme
67%
Jeux E Echecs
67%
Sports de raquette S Squash
67%
Sports de raquette T Tennis de table
67%
Sports d'équipe V Volleyball
67%
Autres sports C Cyclisme
33%
Autres sports H Haltérophilie
33%
Sports de combat T Taekwondo
33%
Sports de combat K Kabaddi
0%
Autres sports T Tir
0%
Autres sports T Tir à l'arc
0%
Sports de combat W Wushu
0%
Aucun quiz correspondant
Distribution des résultats
% des personnes avec chaque résultat
Percentile par nombre de réponses
Votre historique - résultats
Vous n’avez pas pris ce quiz